| 000 | 00846 a2200277 4500 | ||
|---|---|---|---|
| 001 | 200130222 | ||
| 650 | 7 |
_aİngiliz dili _xÇeviri _2etuturkob _911182 |
|
| 999 |
_c200130222 _d31045 |
||
| 003 | TR-AnTOB | ||
| 005 | 20210412145658.0 | ||
| 008 | 130812s2012 tu 000 0 | ||
| 020 | _a9756325194 | ||
| 040 |
_aINONU _dTR-AnTOB |
||
| 041 | _atur | ||
| 050 |
_aPE1498.B69 _b2012 |
||
| 090 | _aPE1498 .B69 2012 | ||
| 100 | 1 |
_aBoztaş, İsmail _932852 |
|
| 245 | 1 | 0 |
_aİngilizce çeviri kılavuzu = _ba guidebook for English translation / _cİsmail Boztaş, Ahmet Kocaman, Ziya Aksoy. |
| 250 | _a20. bs. | ||
| 264 | 1 |
_aAnkara: _bSiyasal Kitabevi, _c2012 |
|
| 300 |
_a440 sayfa ; _c24 cm. _e+ 1 cevap anahtarı |
||
| 650 | 0 |
_aEnglish language _xTranslating _954477 |
|
| 700 | 1 |
_aKocaman, Ahmet _925467 |
|
| 700 | 1 |
_aAksoy, Ziya _932851 |
|
| 942 | _cMX | ||